000 01235 a2200217 4500
003 NUST
005 20221028125703.0
010 _a 77021180
020 _a0895170000
040 _cNust
082 0 0 _a510,BAR
100 1 _aBarnett, Raymond A.
_9101628
245 1 0 _aCollege mathematics for management, life, and social sciences /
_cRaymond A. Barnett.
260 _aSan Francisco :
_bDellen Pub. Co.,
_cc1978.
300 _axii, 641 p. :
_bill. ;
_c24 cm.
505 _aReview: Sets and Algebra (Page-1), Review: Graphs and Functions (Page-49), Systems of Linear Equations: Matrices (Page-99), Systems of Linear Inequalities Linear Programming (Page-147), Mathematics of Finance (Page-189), Probability (Page-223), Probability (Page-223), Additional Topics in Probability (Page-263), Data Description and Probability Distributions (Page-309), The Derivative (Page-355), Additional Topics on the Derivative (Page-417), Integration (Page-469), Logarithmic and Exponential Functions and Related Topics (Page-525), Multivariable Calculus-Differentiation (Page-565), Tables (Page-587).
650 0 _aBiomathematics.
_9101629
650 0 _aMathematics.
650 0 _aSocial sciences
_xMathematics.
_9101630
942 _2ddc
_cBK
_k510,BAR
999 _c179986
_d179986